000 00332nam a22001337a 4500
008 190226b xxu||||| |||| 00| 0 eng d
020 _a0890614431
041 _aeng
080 _a371
100 _a25
101 _aEDU
245 _aBeyond Basics. A Developmental Reading Program. Grade 9
_cJamestown Publishers
942 _2udc
_cBK
999 _c54321
_d54321